National seminar on price controls in the Indian economy (4th and 5th March 1983): a resume (Record no. 477666)

000 -LEADER
fixed length control field 00447cam a22001217a 4500
008 - FIXED-LENGTH DATA ELEMENTS--GENERAL INFORMATION
fixed length control field 180718b1983 xxu||||| |||| 00| 0 eng d
082 ## - DEWEY DECIMAL CLASSIFICATION NUMBER
Classification number T12301x54 T482
245 ## - TITLE STATEMENT
Title National seminar on price controls in the Indian economy (4th and 5th March 1983): a resume
Statement of responsibility, etc. by The Times Research Foundation
260 ## - PUBLICATION, DISTRIBUTION, ETC.
Place of publication, distribution, etc. Pune
Name of publisher, distributor, etc. Times Research Foundation
Date of publication, distribution, etc. 1983
300 ## - PHYSICAL DESCRIPTION
Extent 74p.
650 ## - SUBJECT ADDED ENTRY--TOPICAL TERM
Topical term or geographic name entry element Prices - Regulation - India
700 ## - ADDED ENTRY--PERSONAL NAME
Personal name The Times Research Foundation
Holdings
Withdrawn status Lost status Damaged status Not for loan Permanent Location Current Location Date acquired Full call number Barcode Date last seen Price effective from Koha item type
        Indian Institute of Public Administration Indian Institute of Public Administration 2018-08-04 T12301x54 T482 GR11205 2018-08-04 2018-08-04 GR

Powered by Koha